000
00312nam a2200121Ia 4500
005
20260328104314.0
008
260328s9999||||xx |||||||||||||| ||und||
100
_a
Morrison, Jasper
245
0
_a
Kettal :
_b
Outdoor furniture 2019 /
_c
Jasper Morrison
260
_b
Aragón
650
_a
ARQUITECTURA
942
_c
BK
999
_c
11077
_d
11077